| 000 | 00456nam a2200181Ia 4500 | ||
|---|---|---|---|
| 003 | OSt | ||
| 005 | 20221118055503.0 | ||
| 008 | 211109s9999||||xx |||||||||||||| ||und|| | ||
| 040 | _cSBCL | ||
| 082 |
_a822 _bWYN-G |
||
| 100 | _a Wynne, Arnold | ||
| 245 | 0 | _aTHE GROWTH OF ENGLISH DRAMA | |
| 260 |
_bNational _aNew Delhi _c1998 |
||
| 300 | _a281p. | ||
| 630 | _xReference Reading Room | ||
| 650 |
_aLiterature _vEnglish Literature _xEnglish Drama |
||
| 942 | _cBOOK | ||
| 999 |
_c36 _d36 |
||